[Event "Foros Aerosvit 3rd"]
[Site "Foros"]
[Date "2008.06.09"]
[Round "2"]
[White "Ivanchuk, Vassily"]
[Black "Alekseev, Evgeny V"]
[Result "1-0"]
[WhiteElo "2740"]
[BlackElo "2711"]
[Annotator "Marin,M"]
[PlyCount "105"]
[EventDate "2008.06.08"]
[EventType "tourn"]
[EventRounds "11"]
[EventCountry "UKR"]
[EventCategory "19"]
[SourceTitle "CBM 125"]
[Source "ChessBase"]
[SourceDate "2008.07.30"]
[SourceVersion "1"]
[SourceVersionDate "2008.07.30"]
[SourceQuality "1"]

1. Nf3 d5 2. d4 Nf6 3. c4 e6 4. g3 dxc4 5. Bg2 Bb4+ 6. Bd2 a5 7. O-O $5 {
Possibly, a new trend.} ({Since the Kramnik-Topalov match, there has been some
theoretical discussion in the variation} 7. Qc2 Bxd2+ (7... Ra6 $5 $146 {
Marin,M (2551)-Kortschnoj,V (2611)/Reggio Emilia 2008/CBM 122/[Marin,M] (1/2-1/
2, 58)}) 8. Qxd2 c6 9. a4 b5 10. axb5 cxb5 11. Qg5 O-O 12. Qxb5 Ba6 13. Qa4 Qb6
14. O-O Qxb2 15. Nbd2 Bb5 16. Nxc4 Bxa4 17. Nxb2 Bb5 18. Ne5 Ra7 19. Nbd3 $1 {
Gleizerov,E (2552)-Luther,T (2534)/Predeal Romanian team championship 2007 
(1-0, 53)} (19. Bf3 {Kramnik,V (2743)-Topalov,V (2813)/Elista 2006/CBM 115/
[Marin,M] (1-0, 75)})) 7... O-O 8. Bg5 {Still refraining from moving the queen,
in complete accordance with classical principles (The lady must be the last to
be developed)} (8. Qc2 {Karpov,A (2710)-Piket,J (2615)/Monte Carlo 1999/CBM
070/[Piket] (1/2-1/2, 43)}) 8... b5 ({There is an important deviation here:} 
8... Nc6 {In practice, Black has been doing fine, but White seems to be able
to improve.} 9. Nc3 (9. e3 h6 10. Bxf6 Qxf6 11. a3 Bd6 12. Nc3 e5 13. d5 Na7
14. Nd2 b5 15. a4 Bd7 16. Qc2 Bb4 17. axb5 Nxb5 18. Nxb5 Bxb5 19. Nxc4 a4 20.
Rfc1 $14 {/= Markus,R (2585)-Beliavsky,A (2622)/Turin 2006/CBM 113 (1/2-1/2,
27)}) 9... Rb8 10. e3 e5 $6 (10... b5 11. Nd2 Bd7 12. a4 $14) (10... h6 $5 11.
Bxf6 Qxf6 12. Nd2 Bd7 13. Nxc4 b5 $132) 11. Nxe5 Nxe5 12. dxe5 Qxd1 13. Rfxd1
Nd7 14. Nd5 (14. Ne4 Nxe5 15. a3 f6 16. axb4 fxg5 17. Rxa5 $16) 14... Nxe5 15.
Nxb4 axb4 16. Be7 Re8 17. Bxb4 Bg4 $132 {Huzman,A (2565)-Korneev,O (2601)/
Bastia 2005 (1/2-1/2, 26)}) 9. a4 {White is supposed to play a4, Nc3 and Ne5,
but the move order can make a difference.} ({In a recent game, Kramnik himself
deviated from his first experience against this variation with} 9. Ne5 Ra6 (
9... Ra7 {is slightly unnatural, but is not entirely pointless. Black leaves
the a6-square available for the bishop. Now,} 10. a4 bxa4 {would transpose to
Kekelidze,M (2445)-Moradiabadi,E (2540)/Abu Dhabi 2007/CBM 119 ext (0-1, 26)
below.}) 10. a4 bxa4 (10... c6 11. Nc3 {would transpose to Buhmann,R (2583)
-Bartel,M (2609)/Polanica Zdroj 2007/CBM 120 (1/2-1/2, 54), below}) 11. Nxc4
Nbd7 12. Nc3 c5 13. Nxa4 h6 14. Bd2 $14 {White is better developed. His
knights occupy very active positions, targetting the numerous weaknesses in
Black's camp. The following display of dynamism is impressive.} Qc7 15. Bf4 Qa7
16. Nd6 Nd5 17. Nb5 Qb7 18. Nc7 Ra7 19. Nxd5 exd5 20. Bd6 $16 {Kramnik,V (2788)
-Navara,D (2672)/Prague 2008 (1-0, 33)}) 9... c6 {The natural answer, aiming
to consolidate the extra-pawn.} ({For dynamic reasons,} 9... bxa4 $5 {may be
worth investigating:} 10. Ne5 (10. Nbd2 c3) 10... Ra7 11. Nxc4 (11. Rxa4 $5)
11... Ba6 12. Nba3 h6 13. Be3 Nd5 $132 {Kekelidze,M (2445)-Moradiabadi,E (2540)
/Abu Dhabi 2007/CBM 119 ext (0-1, 26)}) 10. Nc3 $146 {Still in accordance with
classical rules. Before moving with the other knight to the centre, Ivanchuk
looks after his last undeveloped queenside piece. (The rook is relatively
active on a1 already).} (10. Ne5 {looks active, but has the drawback that in
case of an eventual exchange on f6 (...gxf6) the knight would lose stability
in the centre. Still, White seems to have good play here, too.} Ra6 11. Nc3 h6
12. Bxf6 gxf6 13. Ng4 e5 14. e3 Kg7 15. h3 $44 {Buhmann,R (2583)-Bartel,M 
(2609)/Polanica Zdroj 2007/CBM 120 (1/2-1/2, 54)}) 10... Qb6 {[%csl Gb5] For
Black, the process of development is not so simple and he has to move with his
queen while the whole queenside is undeveloped.} (10... Ra7 11. axb5 Bxc3 12.
b6 $1 Qxb6 13. bxc3 $16) (10... Ba6 11. axb5 cxb5 12. Ne5 Ra7 13. d5 Bxc3 14.
bxc3 exd5 15. Qd4 $36) (10... h6 11. Bxf6 (11. Bh4 $5 g5 $140 12. Nxg5 hxg5 13.
Bxg5 $44) 11... Qxf6 12. axb5 Bxc3 13. bxc3 cxb5 14. Qb1 Bd7 15. Ne5 Ra7 16.
Nxd7 Nxd7 17. Qxb5 $16) 11. Bxf6 gxf6 12. axb5 cxb5 13. d5 {A typical pawn
break, underlining the weakness of the double pawns and that of the f5-square.}
Rd8 $2 {Obviously missing the next move.} ({Black should have tried to build
up his defence by somewhat unnatural means with} 13... a4 $5 14. Nd4 (14. Qd4
$6 Qxd4 15. Nxd4 Bxc3 16. bxc3 Ra5 17. Rfb1 Bd7 {[%cal Gb8a6,Ga6c5]}) 14... Ra5
{[%cal Ga4a3,Gc8d7,Gb8a6] White would have needed a big creative effort to
find a way to deliver a kingside attack (although reaching a draw by perpetual
should not be a problem).}) 14. Qd4 $1 {Splendid! The time has come for the
queen to be developed and this causes Black great problems!} Qxd4 (14... Nd7
15. dxe6 Qxe6 (15... fxe6 16. Qg4+ Kh8 17. Ng5 $16) 16. Ng5 fxg5 17. Bxa8 $16)
15. Nxd4 $14 {/+/- White will reestablish the material equality, maintaining
the better development and the better structure.} Ra6 (15... Bxc3 16. bxc3 exd5
17. Rfb1 $16 {would retrieve both sacrificed pawns soon, with an obvious
advantage.}) 16. Ndxb5 Rb6 17. Rfd1 e5 {[%csl Gf5]} 18. Na3 Ba6 19. Na4 Rb7 20.
Rdc1 Rc7 21. e4 f5 (21... Nd7 22. Nc2 {[%csl Gf5][%cal Gc2e3]}) 22. exf5 Nd7
23. Bf1 (23. Nc2) 23... Rdc8 24. Nc2 Bf8 25. Ne3 e4 26. Nc3 Nc5 27. Rd1 Nb3 28.
Ra4 Bb4 29. d6 Rb7 30. Ncd5 Kf8 31. Nxb4 Bb5 32. Ra2 axb4 33. Bxc4 $1 Bxc4 34.
Nxc4 Kg7 (34... Rxc4 35. d7 $18) 35. Ne3 Rd8 36. Rd5 Rb6 37. Ra4 Nc1 38. Nc4
Rb7 39. Rc5 Nd3 40. Rc7 Rb5 41. g4 Rd5 42. Raa7 Rf8 43. h4 h5 44. g5 Ne1 45.
f6+ Kg6 46. Kh2 Rf5 47. Ra5 Rxf2+ 48. Kg1 e3 49. Ne5+ Kh7 50. Rxf7+ Rxf7 51.
g6+ Kh6 52. gxf7 Rxf6 53. d7 1-0

[Event "World Cup"]
[Site "Khanty-Mansiysk"]
[Date "2007.11.24"]
[Round "1.1"]
[White "Ivanchuk, Vassily"]
[Black "Aderito, Pedro"]
[Result "1-0"]
[WhiteElo "2787"]
[BlackElo "2352"]
[Annotator "Marin,M"]
[PlyCount "71"]
[EventDate "2007.11.24"]
[EventType "k.o."]
[EventRounds "7"]
[EventCountry "RUS"]
[SourceTitle "CBM 122"]
[Source "ChessBase"]
[SourceDate "2008.01.30"]
[SourceVersion "1"]
[SourceVersionDate "2008.01.30"]
[SourceQuality "1"]

1. d4 Nf6 2. Nf3 e6 3. c4 d5 4. g3 c6 5. Bg2 dxc4 6. a4 $5 {A relatively
unexplored line, typical for... the Slav Defence. Before attacking the c4-pawn,
White discourages ...b5.} ({The immediate} 6. Ne5 {is more common.}) 6... Bb4+
{This move can lead to a curious transposition.} ({Another critical line is} 
6... c5 $5 {This looks like a loss of tempo, but Black hopes to prove that the
presence of the white pawn on a4 has more drawbacks than good parts. The
a4-square is not available to the queen now, while the b3- and b4-squares are
weak.} 7. O-O Nc6 8. dxc5 $5 {This move is supposed to be relatively
inoffensive with the pawn on a2. In the current position, it makes slightly
more sense, though, as we shall see later.} ({In the genuine ...c5 variation
of the Catalan,} 8. Ne5 {is the main move, but here Black can play} Nxd4 $5 {
The point is that against} 9. e3 {, which would more or less win in the
positions with the pawn on a2, Black has} Nb3 $1 {with a normal position.}) (8.
e3 {is not too dangerous either.} cxd4 9. exd4 Be7 10. Na3 O-O 11. Nxc4 Nd5 12.
h4 b6 13. Re1 Bb7 14. Bd2 Rc8 15. Qb3 Qc7 16. Rac1 Qb8 17. Nce5 Nxe5 18. dxe5 {
1/2-1/2 Kortschnoj,V (2601)-Felgaer,R (2569)/Barcelona 2004/CBM 105}) 8... Qxd1
9. Rxd1 Bxc5 10. Nbd2 c3 ({Earlier, Korneev had tried} 10... Na5 {, but failed
to equalize:} 11. Ne5 Bd7 12. Nexc4 Nxc4 13. Nxc4 Bc6 14. Bxc6+ bxc6 {Black's
queenside weaknesses are more relevant than White's. One would think that
White should aim for an endgame with N vs B, but he did precisely the opposite.
} 15. Bf4 Ne4 16. Nd6+ Bxd6 17. Bxd6 O-O-O 18. Bb4 Kb7 19. f3 Nf6 20. Bc3 Rhg8
21. e4 $16 {[%csl Gc6,Gg7][%cal Gg1e3] Mascaro March, Pedro (ESP) (2314)
-Korneev,O (2559)/Spain 2004 (1/2-1/2, 49)}) 11. bxc3 O-O 12. Nb3 Be7 {In this
position, the move a4 is useful, because it helps putting the enemy queenside
under pressure with a further a5 and it enables Ba3, carrying out the
strategically favourable exchange of the dark-squared bishops.} 13. Nfd4 (13.
Ba3 $5) 13... Bd7 14. Ba3 $5 (14. Nxc6 Bxc6 15. Bxc6 bxc6 $11 {Mozny,M (2392)
-Korneev,O (2657)/Germany 2006/EXT 2007 (0-1, 76)}) 14... Bxa3 15. Rxa3 $14 {
[%csl Gb7,Gd6]}) 7. Bd2 ({After} 7. Nc3 $5 {the game could take a genuine
gambit course.} Ne4 $6 {Instead of moving for the second time with an already
developed piece, Black should have continued his development.} 8. Qc2 Qa5 9.
Bd2 (9. Qxe4 $5 {leads to interesting play:} Bxc3+ 10. Kf1 Bb4 11. Ne5 c3 12.
bxc3 Bxc3 13. Ra3 Bb4 14. Qg4 g6 15. Qf3 $44 {Black is underdeveloped and his
position has many weaknesses. The fact that White has lost his right to castle
is not too relevant, because the position has not an open character and most
of his pieces are active anyway. Later, he could activate his king's rook with
h4-h5.}) 9... Nxd2 10. Nxd2 Qd8 11. e3 O-O 12. Nxc4 Nd7 13. O-O Nb6 14. Ne5 a5
15. Rfd1 Bd6 16. Ne4 Be7 17. Nc5 $14 {Grivas,E (2500)-Gavrilakis,N (2410)/
Athens 1996/EXT 2001 (1/2-1/2, 72)}) 7... a5 (7... Be7 8. Qc2 b6 9. Qxc4 Ba6
10. Qc2 O-O 11. Nc3 Nbd7 12. O-O Rc8 13. Rfd1 Qc7 14. Rac1 Qb8 15. Bf4 $14 {
Blasko,I (2383)-Acs,G (2181)/Fuzesabony 2000/EXT 2004 (1-0, 25)}) 8. Qc2 (8.
O-O O-O 9. Na3 Bxa3 10. Rxa3 Nbd7 11. Qc2 Nb6 {was a not too relevant draw, 1/
2-1/2 Marosi,G (2350)-Zsinka,L (2360)/Budapest 1983/EXT 98. Despite the
missing pawn, White's position looks preferable, because of his better
development, advantage of space and pair of bishops.}) 8... Na6 $6 {Too slow.
Black intends to transfer the knight to b4, but this will not compensate for
his lack of space in general.} (8... b5 $2 {would lead to a known trick from
the Catalan line 4...dxc4 5.Bg2 Bb4+ 6.Bd2 a5, namely} 9. axb5 $1 Bxd2+ (9...
cxb5 $4 10. Bxb4 $18) 10. Nfxd2 $1 $16 {[%cal Gg2a8]}) (8... Bxd2+ $5 {would
again have transposed to the 4...dxc4 and 5...Bb4+ line, but this time to a
fashionable form of it:} 9. Qxd2 (9. Nbxd2 b5) (9. Nfxd2 Qxd4) 9... b5 10. axb5
cxb5 11. Qg5 {Kramnik,V (2743)-Topalov,V (2813)/Elista 2006/CBM 115/[Marin,M] 
(1-0, 75)}) 9. O-O O-O ({Against} 9... Bxd2 {White could consider} 10. Nbxd2 $5
b5 11. b3 Nb4 12. Qb2 cxb3 13. Nxb3 $44 {[%csl Gc5][%cal Gf3e5] with excellent
compensation for the pawn. White has wonderful development, while the enemy
queenside is weak.}) 10. Qxc4 $14 {White has retrieved the pawn and maintains
a stable advantage of space.} Ne4 $6 {The knight was optimally placed on f6
for defensive purposes, because it inhibited White's main positional threat,
consisting of a pawn break in the centre.} 11. Bf4 Be7 12. Nc3 Nd6 13. Qb3 Nf5
14. Rad1 $16 {[%cal Ge2e4,Gd4d5]} g5 {Weakening the kingside without getting
any counterplay.} (14... Nb4 15. e4 Nd6 16. Rfe1 $16 {[%cal Gd4d5,Gf3e5] and
White is ready to open play in the centre.}) 15. Bc1 Nb4 16. h3 f6 17. Rfe1 Kh8
18. e4 Ng7 19. Be3 f5 $6 20. Ne5 (20. d5 $5 fxe4 21. dxc6 Qe8 22. Nxe4 $18)
20... f4 21. Bc1 $16 {With his incomplete development, Black cannot claim he
is attacking. At the same time, his weaknesses will stay there forever...} Bd6
22. Ne2 Nh5 23. Bf3 Qe8 24. gxf4 Nxf4 25. Nxf4 gxf4 26. Kh2 Bxe5 27. dxe5 c5
28. Rd6 Bd7 29. Qc3 Rc8 30. b3 Qe7 31. Rg1 c4 32. bxc4 Na2 33. Qd2 Nxc1 34.
Rxd7 Nb3 35. Qd1 Qh4 36. Qxb3 1-0

[Event "Reggio Emilia 50th"]
[Site "Reggio Emilia"]
[Date "2008.01.05"]
[Round "8"]
[White "Marin, Mihail"]
[Black "Kortschnoj, Viktor Lvovich"]
[Result "1/2-1/2"]
[WhiteElo "2551"]
[BlackElo "2611"]
[Annotator "Marin,M"]
[PlyCount "116"]
[EventDate "2007.12.29"]
[EventType "tourn"]
[EventRounds "9"]
[EventCountry "ITA"]
[EventCategory "16"]
[SourceTitle "CBM 122"]
[Source "ChessBase"]
[SourceDate "2008.01.30"]
[SourceVersion "1"]
[SourceVersionDate "2008.01.30"]
[SourceQuality "1"]

1. c4 e6 2. g3 d5 3. Bg2 Nf6 4. d4 dxc4 5. Nf3 Bb4+ 6. Bd2 a5 {I was slightly
surprised that such an inventive player chose a fashionable line, but it all
became clear slightly later.} 7. Qc2 Ra6 $5 $146 {Of course. This original way
of developing the rook has never been played before.} ({I was fairly well
prepared for} 7... Bxd2+ 8. Qxd2 c6 9. a4 b5 10. axb5 cxb5 11. Qg5 O-O 12. Qxb5
Ba6 13. Qa4 Qb6 14. O-O Qxb2 15. Nbd2 Bb5 16. Nxc4 Bxa4 17. Nxb2 Bb5 18. Ne5
Ra7 {and here I intended to play} 19. Nbd3 $1 ({Which is more constructive than
} 19. Bf3 {1-0 Kramnik,V (2743)-Topalov,V (2813)/Elista 2006/CBM 115/[Marin,M]
(75)}) 19... Nfd7 (19... Nbd7 20. Rfb1 Nxe5 21. dxe5 Bxd3 22. exd3 Nd5 23. Rb5
a4 24. Ra3 $14 {With four rooks on the board, the passed pawn is more of a
weakness, while White's advantage in space offers him better prospects of
centralising the king.}) 20. Rfb1 Nxe5 (20... Bxd3 21. Nxd3 $16 {פb8, Nd7})
21. Rxb5 Nxd3 22. exd3 a4 (22... Rd8 23. Ra4 $16 Rad7 $2 24. Raxa5 Rxd4 25. Ra8
$18) 23. Ra3 Nd7 24. Bc6 Nf6 25. Rb4 Rd8 26. Raxa4 Rxa4 27. Rxa4 $16 {
Gleizerov,E (2552)-Luther,T (2534)/Predeal Romanian team championship 2007 
(1-0, 53)}) 8. Na3 {I believe that I had managed to somewhat surprise my
experienced opponent.} ({I did not consider} 8. Bxb4 {too seriously and,
indeed, after} axb4 9. Qxc4 Rc6 10. Qxb4 Rc1+ 11. Kd2 Nc6 {Black has good
counterplay.} 12. Qa4 (12. Qb5 Rc5 $1 (12... Rxh1 13. Bxh1 e5 14. Nxe5 Qxd4+
15. Nd3 O-O {Kortschnoj}) 13. Qd3 (13. Qa4 b5) 13... Nb4 14. Qe3 Ng4 15. Qb3
Nc2 $17) 12... Rc5 13. Rd1 (13. Nc3 Ra5 14. Qc4 e5 $132) {and now Black can
force a draw by repetition if he wishes.} 13... Ra5 14. Qc4 Rc5 $11) 8... Bxa3
9. bxa3 b5 10. Rb1 ({The premature} 10. a4 {would absolve Black from his
worries regarding his queenside. After} b4 11. Qxc4 Bb7 12. O-O Bd5 $132 {
Black has good play on the light squares.}) 10... Bd7 (10... Qd5 11. O-O Bb7
12. Ne1 Ne4 13. Bxe4 Qxe4 14. Qxe4 Bxe4 15. Rxb5 Nc6 16. f3 Bg6 17. Bc3 $14 {
White has stabilised the position and retains the more flexible structure.
Besides, the enemy bishop risks remaining passive.}) 11. Ne5 ({Again, it is
too early for} 11. a4 b4 12. Qxc4 Bxa4 $13) 11... O-O (11... a4 {would
stabilise the queenside, but after} 12. Bb4 $16 {the black king would remain
in the centre for a long while.}) 12. a4 {But now, White has to play this move
already.} (12. O-O Nc6 (12... a4 $5)) 12... b4 13. Qxc4 Bxa4 14. a3 Nfd7 {
After this move, White will obtain a considerable advantage in space in the
centre.} (14... Rd6 $5) 15. axb4 $1 (15. Nxd7 Qxd7 16. axb4 Bb5 17. Qc5 a4 $132
) 15... Nxe5 16. dxe5 Bc6 17. f3 $1 (17. Bxc6 Rxc6 18. Qg4 Qd5 $1 $15 {[%csl
Ge5,Gh1]} (18... axb4 $2 19. Bh6 $16)) (17. e4 {[%cal Gb5f1]} Rb6) 17... axb4
18. Bxb4 Re8 19. Kf2 $14 {Black will retain some initiative for a while, but
it has a rather volatile character. In the long run, White's pair of bishops
and his advantage in space will become the telling factors.} Bd5 20. Qd3 Ra2
21. Ra1 Nc6 (21... Na6 22. Ba3 $16) 22. Bc3 Qa8 23. Rxa2 Qxa2 24. Ra1 Qb3 25.
Rb1 Qa3 26. Bf1 Rd8 27. Ra1 (27. Qe3 $5) 27... Qc5+ 28. Qe3 Qb5 29. g4 Bc4 30.
h4 h6 31. h5 Qb3 32. Rc1 Rd7 (32... Ne7 33. Ba5 $14) 33. Ba1 (33. Be1 Qa4 $5 (
33... Qxe3+ $2 34. Kxe3 $16 {[%csl Ga5]} Nxe5 $2 35. Bg3 $18)) 33... Qxe3+ 34.
Kxe3 Na5 35. Kf2 c6 36. Bb2 Bb5 37. Ra1 Nc4 38. Ra8+ $6 (38. Bc3 Rd8 39. Bg2
Nb6 40. f4 Na4 41. Ba5 Rd7 42. Rc1 Ra7 43. Bd2 Rd7 44. Be3 Rc7 45. Rd1 $16)
38... Kh7 39. Bc3 Rd1 40. Ra1 Rxa1 41. Bxa1 {recently, I had written an
article about Korchnoi's technique in positions where he has the pair of
bishops. I had hoped to prove that I had assimilated the material rather well,
but eventually got to know that he masters the cooperation between N + B
pretty well, too. The saving fortress he will build is well worth looking at.}
Nd2 42. Bg2 Bc4 43. Bc3 Nb3 44. f4 Bd5 45. e4 Bc4 46. Ke3 {[%csl Gd2,Gd3,Gd4,
Ge2,Rg2]} c5 47. Bf3 Kg8 48. Bd1 Kh7 49. Be1 g5 $1 ({Passive play would lead
to disaster:} 49... Kg8 $2 50. Bh4 Kf8 51. Bd8 Ke8 52. Bc7 Kf8 (52... Ke7 53.
Bd6+ Ke8 54. g5) 53. Bd6+ Kg8 54. f5 g6 55. Be7 Kg7 56. f6+ Kg8 57. Bd6 gxh5
58. gxh5 Kh8 59. Bf8 Kh7 60. Bc2 Nd4 61. Ba4 Nb3 62. Be8 $18) (49... Nd4 $5 50.
Bh4 Bb3 51. Bxb3 Nxb3 {is also correct, although it is not easy to calculate
whether the knight reaches a safe position in time.} 52. Kd3 Nd4 (52... g6 53.
Bf2 gxh5 54. gxh5 Kg7 55. Be3 $16 {[%csl Gb3,Gh6]}) 53. Bf2 Nf3 54. Ke2 Nh2 55.
g5 g6 $1 (55... hxg5 56. fxg5 Ng4 57. Bg3 $16) 56. hxg6+ Kxg6 57. Bg1 Ng4 58.
Kf3 Kh5 59. gxh6 Nxh6 60. Bxc5 Ng4 61. Kg3 f6 $11) 50. hxg6+ fxg6 51. Bh4 Kg7
52. Be7 Kf7 53. Bd6 Ke8 54. Kf2 Kf7 55. Ke3 Ke8 56. Kf2 Kf7 57. Ke3 Ke8 58. f5
Kf7 1/2-1/2